1866 1976 1770 1653 1694 1553 1812 1588 1042 1639 1451 1514 1291 1875 1776 1843 1681 1816 1136 1997 1336 1894 1967 1179 1445 1577 1008 1011 1636 1647 1010 1052 1306 1141 1337 1273 1686 1821 1648 1661 1820 1989 1330 1127 1888 1376 1263 1590 1296 1012 1868 1307 1452 1206 1128 1193 1105 1777 1182 1400 1678 1969 1205 1511 1288 1135 1809 1711 1570 1361 1785 1648 1736 1325 1328 1989 1502 1948 1514 1210 1982 1960 1789 1050 1587 1057 1966 1261 1129 1620 1311 1464 1565 1521 1870 1883 1077 1642 1512 BCNSPRNW ULIB Ver.6.0+V

เปลี่ยนเป็นภาษาไทย

Change to English
 แสดงรายละเอียดบรรณานุกรม
  กลับหน้าหลัก

Brief Record : Get Marc (ISO 2709) : E-mail record : QR code < ปิดหน้าต่าง
LEADER : 00000nam 2200000uu 4500
001    13399122693
003     ULIB
008    020711s2555 th a 000 0 tha d
020    9786165169523
050  4 DS520^bป546ร
100    ปานเสก อาทรธุระสุข
245    เรื่องควรรู้สู่ประชาคมอาเซียน /^cปานเสก อาทรธุระสุข
260    กรุงเทพฯ :^bเนชั่น เอ็ดดูเทนเมนท์,^c2555
300    119 หน้า
650    ประชาคมอาเซียน
945    ^p110^l0^i20135
999    ^aทศพร เกษรทอง
รายการนี้ยังไม่มีแท็ก
คุณยังไม่ได้ล็อกอิน คุณสามารถมีกิจกรรมร่วมกับเว็บไซต์ได้ แต่ต้องล็อกอินก่อน ::
  ล็อกอิน

รายการสื่อสารสนเทศ

ลำดับที่ ประเภท เลขเรียก/บาร์โค้ด สถานที่ สถานะ
1. การศึกษาทั่วไป
การศึกษาทั่วไป
DS520 ป546ร ฉ.1 
  Barcode: 20135
ห้องสมุดวิทยาเขตนครสวรรค์
►หนังสือทั่วไป:l:General Books
บนชั้น

รายการใกล้เคียง
    ผู้แต่ง [ปานเสก อาทรธุระสุข]

    หัวเรื่อง [ประชาคมอาเซียน]

BibComment


ยังไม่เคยถูกคอมเมนท์

คอมเมนท์ทรัพยากรรายการนี้
  คอมเมนท์: เรื่องควรรู้สู่ปร..


 Copyright 2026. Bcnsprnw @Library